[Makroekonomická rovnováha a nerovnováha - teoretické a praktické problémy]
Recenzia na monografiu, ktorá sa zaoberá výkyvami výkonnosti ekonomiky, ekonomického cyklu, príčinám a dôsledkom nerovnováh.
Na minha lista:
| Autor principal: | |
|---|---|
| Formato: | Capítulo de Livro |
| Idioma: | eslovaco |
| Assuntos: | |
| Tags: |
Sem tags, seja o primeiro a adicionar uma tag!
|
MARC
| LEADER | 00000naa a2200000 4500 | ||
|---|---|---|---|
| 001 | 0179223 | ||
| 005 | 20240502073038.6 | ||
| 041 | 0 | |a slo | |
| 044 | |a SK | ||
| 245 | 1 | 0 | |a [Makroekonomická rovnováha a nerovnováha - teoretické a praktické problémy] |c Marián Vongrej |
| 520 | |a Recenzia na monografiu, ktorá sa zaoberá výkyvami výkonnosti ekonomiky, ekonomického cyklu, príčinám a dôsledkom nerovnováh. | ||
| 610 | 2 | 0 | |a recenzie |
| 610 | 2 | 0 | |a produkt domáci hrubý |
| 610 | 2 | 0 | |a výkonnosť ekonomiky |
| 610 | 2 | 0 | |a ukazovatele makroekonomické |
| 610 | 2 | 0 | |a rovnováha hospodárska |
| 100 | 1 | |a Vongrej, Marián | |